[Event "World Blitz Women 2023"]
[Site "Samarkand UZB"]
[Date "2023.12.30"]
[Round "15.18"]
[White "Danielian, Elina"]
[Black "Sahithi, Varshini M"]
[Result "1-0"]
[WhiteElo "2352"]
[BlackElo "2189"]
[EventDate "2023.12.29"]

1. d4 Nf6 2. Bg5 e6 3. Nd2 Be7 4. e4 h6 5. Bh4 d6 6. Bd3 Nbd7 7. c3 b6 8.
f4 Bb7 9. Qe2 c5 10. Ngf3 Qc7 11. a3 Ng8 12. Bg3 Ngf6 13. e5 Nh5 14. O-O d5
15. f5 Nxg3 16. hxg3 c4 17. Bc2 O-O-O 18. Nh4 Nf8 19. fxe6 fxe6 20. Rf7 g5
21. Ng6 Nxg6 22. Bxg6 Bc6 23. Qg4 Qd7 24. Raf1 Kb8 25. Rg7 Rhf8 26. Bf7 Qc7
27. Bxe6 Rxf1+ 28. Nxf1 Rf8 29. Ne3 Qb7 30. Nf5 Re8 31. Qh5 a5 32. Qf7 Bd8
33. Qxb7+ Bxb7 34. Rxb7+ Kxb7 35. Nd6+ Kc6 36. Nxe8 Be7 37. Nf6 Kb5 38.
Bxd5 Bf8 39. Kf2 g4 40. Nxg4 h5 41. Nf6 Bh6 42. e6 Bf8 43. Nxh5 Be7 44. Ng7
Ka4 45. Bxc4 b5 46. Bd5 b4 47. axb4 axb4 48. cxb4 Kxb4 49. Nf5 Bf6 50. e7
Bxe7 51. Nxe7 Ka4 52. g4 Kb4 53. g5 Ka4 54. g6 Kb4 55. g7 Ka4 56. g8=Q Kb4
57. Qb8+ Ka4 58. Bc6+ 1-0

[Event "World Blitz Women 2023"]
[Site "Samarkand UZB"]
[Date "2023.12.30"]
[Round "15.20"]
[White "Nurmanova, Alua"]
[Black "Salimova, Nurgyul"]
[Result "1-0"]
[WhiteElo "2249"]
[BlackElo "2343"]
[EventDate "2023.12.29"]

1. e4 c6 2. d4 d5 3. e5 Bf5 4. Nf3 e6 5. Be2 Nd7 6. O-O a5 7. a4 f6 8. c4
Bb4 9. Nc3 Ne7 10. cxd5 cxd5 11. exf6 Nxf6 12. Bb5+ Nc6 13. Ne5 O-O 14.
Bxc6 bxc6 15. Nxc6 Qc8 16. Nxb4 axb4 17. Nb5 Bc2 18. Qe1 Bd3 19. Qxb4 Bxf1
20. Kxf1 Ng4 21. f3 Qc2 22. Qd2 Qc4+ 23. Kg1 Rxa4 24. Rxa4 Qxa4 25. Nc3 Qa6
26. b4 Nh6 27. b5 Qb6 28. Ba3 Ra8 29. Bc5 Qa5 30. h3 Nf5 31. Kh2 Rb8 32. f4
Rxb5 33. g4 Nh6 34. Qe3 Rb2+ 35. Kg3 Qa6 36. f5 Qc6 37. Qxe6+ Qxe6 38. fxe6
Rb3 39. g5 Rxc3+ 40. Kf4 Rxh3 41. gxh6 gxh6 42. Ke5 Re3+ 43. Kf6 h5 44. e7
h4 45. Bd6 Rf3+ 46. Ke6 Re3+ 47. Be5 h3 48. e8=Q# 1-0

[Event "World Blitz Women 2023"]
[Site "Samarkand UZB"]
[Date "2023.12.30"]
[Round "15.21"]
[White "Nurgaliyeva, Zarina"]
[Black "Ushenina, Anna"]
[Result "1/2-1/2"]
[WhiteElo "2001"]
[BlackElo "2334"]
[EventDate "2023.12.29"]

1. e4 c5 2. Nf3 a6 3. c3 d5 4. exd5 Qxd5 5. d4 e6 6. Be3 Nf6 7. h3 cxd4 8.
Nxd4 Be7 9. Qf3 O-O 10. Be2 Nbd7 11. Qxd5 Nxd5 12. Bf3 Nxe3 13. fxe3 Nc5
14. O-O Rb8 15. Nd2 Bd7 16. Nc4 Na4 17. Rac1 Rfd8 18. b3 Nc5 19. Nb6 Be8
20. Rcd1 Bg5 21. Kf2 e5 22. Nf5 e4 23. Be2 g6 24. Nd4 Nd7 25. Nc4 Be7 26.
Nd2 Nf6 27. g4 h6 28. Kg2 b5 29. Rf4 Nd5 30. Rxe4 Bf6 31. Nb1 Rbc8 32. c4
Nxe3+ 33. Rxe3 Bxd4 34. Red3 Bf6 35. cxb5 axb5 36. Rxd8 Bxd8 37. Na3 b4 38.
Nc4 Be7 39. Bf3 Bb5 40. Bd5 Kg7 41. Rf1 f6 42. Re1 Bf8 43. Re6 Rd8 44. Be4
Bxc4 45. bxc4 Rd2+ 46. Kg3 Rxa2 47. Rb6 Ra3+ 48. Kg2 Ra7 49. Bd5 Rc7 50.
Kf3 Bc5 51. Rb5 h5 52. Be6 hxg4+ 53. hxg4 Be7 54. Ke4 Bf8 55. Kd5 g5 56. c5
b3 57. c6 Ra7 58. Rxb3 Ra5+ 59. Kd4 Rc5 60. Rc3 Rxc3 61. Kxc3 Bd6 62. Kc4
Kf8 63. Kb5 Ke7 64. Bd7 Kd8 65. Kc4 Ke7 66. Kd5 Bc7 67. Kc5 Bd6+ 68. Kd5
Bc7 69. Ke4 1/2-1/2

[Event "World Blitz Women 2023"]
[Site "Samarkand UZB"]
[Date "2023.12.30"]
[Round "15.22"]
[White "Vaishali, Rameshbabu"]
[Black "Badelka, Olga"]
[Result "1-0"]
[WhiteElo "2410"]
[BlackElo "2262"]
[EventDate "2023.12.29"]

1. d4 d5 2. Nf3 Nf6 3. Bf4 e6 4. e3 c5 5. Nbd2 Nc6 6. Bb5 Bd7 7. O-O cxd4
8. exd4 Qb6 9. c4 Be7 10. a4 Nxd4 11. a5 Nxf3+ 12. Qxf3 Qc5 13. Nb3 Qc8 14.
a6 O-O 15. Rfc1 bxa6 16. cxd5 Qb7 17. Bc6 Bxc6 18. dxc6 Qb5 19. Ra5 Qb6 20.
Qd3 Nd5 21. Bg3 Nb4 22. Qc4 Rac8 23. c7 f6 24. h3 Kh8 25. Raa1 e5 26. Rc3
Bd6 27. Rd1 Rxc7 28. Qe6 Be7 29. Qxb6 Rxc3 30. Qe6 Rc7 31. Rd7 Rxd7 32.
Qxd7 Bd8 33. Nc5 Bb6 34. Ne6 Rg8 35. Bh4 g5 36. Qf7 Nd5 37. Nf8 Rg7 38. Qe8
Nc7 39. Ng6# 1-0

[Event "World Blitz Women 2023"]
[Site "Samarkand UZB"]
[Date "2023.12.30"]
[Round "15.23"]
[White "Gaboyan, Susanna"]
[Black "Buksa, Nataliya"]
[Result "1/2-1/2"]
[WhiteElo "2086"]
[BlackElo "2316"]
[EventDate "2023.12.29"]

1. Nf3 d5 2. g3 Nf6 3. Bg2 e6 4. O-O Be7 5. d3 O-O 6. Nbd2 Nc6 7. e4 dxe4
8. dxe4 e5 9. c3 a5 10. a4 Bc5 11. Qe2 h6 12. Nc4 Qe8 13. Nh4 Bg4 14. Qc2
Rd8 15. Nf5 Qd7 16. Be3 Bxe3 17. Ncxe3 Bxf5 18. exf5 Qe7 19. Qb3 e4 20.
Qxb7 Ne5 21. Qb5 Nf3+ 22. Bxf3 exf3 23. Rfd1 Rb8 24. Nd5 Qe2 25. Nxf6+ gxf6
26. Qxe2 fxe2 27. Rd2 Rfe8 28. Re1 Re4 29. Rexe2 Rxa4 30. Re7 Ra2 31. Rxc7
Rbxb2 32. Rxb2 Rxb2 33. Ra7 Ra2 34. Kg2 a4 35. c4 a3 36. c5 Rc2 37. Rxa3
Rxc5 38. g4 Kg7 39. Kf3 Rb5 40. Rd3 Ra5 41. Kf4 Ra4+ 42. Kg3 Rb4 43. Re3
Ra4 44. f3 Rb4 45. Re4 Rb5 46. h4 Ra5 47. Rc4 Rb5 48. Kf4 Ra5 49. g5 fxg5+
50. hxg5 hxg5+ 51. Kxg5 Rb5 52. Re4 Ra5 53. f4 Ra6 54. Re1 Rb6 55. Rh1 Rb5
56. Kg4 Rb2 57. Kf3 Rb3+ 58. Kg4 Rb2 59. Rh3 Kf6 60. Rh6+ Kg7 61. Rc6 Rg2+
62. Kf3 Rg1 63. Ke4 Re1+ 64. Kf3 Rf1+ 65. Kg4 Rg1+ 66. Kf3 Rf1+ 67. Kg4
1/2-1/2

[Event "World Blitz Women 2023"]
[Site "Samarkand UZB"]
[Date "2023.12.30"]
[Round "15.24"]
[White "Kiolbasa, Oliwia"]
[Black "Voit, Daria"]
[Result "0-1"]
[WhiteElo "2313"]
[BlackElo "2215"]
[EventDate "2023.12.29"]

1. e4 c6 2. d4 d5 3. e5 Bf5 4. Nf3 e6 5. Be2 c5 6. c3 Nc6 7. O-O Bg6 8. Be3
cxd4 9. cxd4 Nge7 10. Nc3 Nc8 11. Rc1 Be7 12. g3 O-O 13. h4 f6 14. exf6
Bxf6 15. Ng5 Qe7 16. Bd3 Bxg5 17. Bxg5 Qf7 18. Bxg6 Qxg6 19. Ne2 h6 20. Be3
Nd6 21. Nf4 Qf5 22. Qe2 Rf7 23. Rcd1 Ne4 24. Kg2 Raf8 25. Bc1 g5 26. hxg5
hxg5 27. g4 Qf6 28. Nh3 Nxd4 29. Qe3 Nf3 30. Rd3 Ne5 31. b3 Nxd3 32. Qxd3
Qe5 33. Qe2 Qf6 34. f3 Nd6 35. Bxg5 Qg6 36. Bd2 Rc7 37. Nf4 Rxf4 38. Bxf4
Rc2 39. Bd2 Nf7 40. Kg3 e5 41. Qe3 d4 42. Qe2 Nd6 43. Rc1 Nf5+ 44. Kf2 Rxc1
45. Bxc1 Ng7 46. Bd2 Qf6 47. Bb4 Qh4+ 48. Kg2 Qf6 49. Bd2 Ne6 50. Qe4 Nc5
51. Qd5+ Ne6 52. Qxb7 Nf4+ 53. Kg3 Ne2+ 54. Kf2 Nf4 55. Qb8+ Kg7 56. Qxa7+
Kg6 57. Qb7 Qh4+ 58. Kf1 Qh1+ 59. Kf2 Qg2+ 60. Ke1 Qe2# 0-1

[Event "World Blitz Women 2023"]
[Site "Samarkand UZB"]
[Date "2023.12.30"]
[Round "15.25"]
[White "Lesbekova, Assel"]
[Black "Cori T., Deysi"]
[Result "1-0"]
[WhiteElo "1861"]
[BlackElo "2304"]
[EventDate "2023.12.29"]

1. e4 g6 2. h4 h5 3. d4 d6 4. c3 a6 5. a4 b6 6. g3 Bb7 7. Bg2 Nd7 8. Ne2
Ngf6 9. Qc2 c5 10. O-O Rc8 11. d5 c4 12. Be3 Bg7 13. Nd2 Ne5 14. f3 O-O 15.
Bh3 Rb8 16. Bd4 Qc7 17. b3 cxb3 18. Qxb3 Bc8 19. Bxc8 Rfxc8 20. Rfb1 Nfd7
21. Kg2 Bh6 22. f4 Nc4 23. Nxc4 Qxc4 24. Qxc4 Rxc4 25. Rb3 Bg7 26. Bxg7
Kxg7 27. Kf3 Rxe4 28. Rxb6 Rxf4+ 29. Nxf4 Rxb6 30. Ke3 Rb2 31. Nd3 e5 32.
Nxb2 Nb6 33. c4 Kf8 34. a5 Nd7 35. Na4 Ke7 36. Nb6 Nc5 37. Rb1 f5 38. Rb4
Kd8 39. Na4 Nd7 40. Rb7 Nf6 41. Ra7 Ng4+ 42. Ke2 f4 43. gxf4 exf4 44. Kf3
Ne5+ 45. Kxf4 Nxc4 46. Kg5 Nxa5 47. Rxa6 Nb7 48. Kxg6 Kc7 49. Rc6+ Kd7 50.
Nb6+ Kd8 51. Rc8+ 1-0

[Event "World Blitz Women 2023"]
[Site "Samarkand UZB"]
[Date "2023.12.30"]
[Round "15.1"]
[White "Bivol, Alina"]
[Black "Injac, Teodora"]
[Result "1-0"]
[WhiteElo "2250"]
[BlackElo "2287"]
[EventDate "2023.12.29"]

1. e4 e5 2. Nf3 Nc6 3. Bc4 Bc5 4. c3 Nf6 5. d4 exd4 6. cxd4 Bb4+ 7. Nbd2 d5
8. exd5 Nxd5 9. O-O O-O 10. a3 Bxd2 11. Bxd2 Be6 12. Rc1 h6 13. Re1 Qd6 14.
b4 a6 15. Qc2 Rfe8 16. Qb2 Rad8 17. Ne5 Nxe5 18. dxe5 Qe7 19. h3 c6 20. Be2
Bf5 21. Bf3 Rd7 22. a4 Nb6 23. Be3 Nd5 24. Bc5 Qg5 25. Kh1 Nf4 26. Be3 Qh4
27. Rc4 Nd3 28. Rxh4 Nxb2 29. b5 cxb5 30. axb5 a5 31. Bb6 a4 32. Kh2 a3 33.
Ra1 Rd3 1-0

[Event "World Blitz Women 2023"]
[Site "Samarkand UZB"]
[Date "2023.12.30"]
[Round "15.2"]
[White "Lu, Miaoyi"]
[Black "Pourkashiyan, Atousa"]
[Result "1-0"]
[WhiteElo "2284"]
[BlackElo "2221"]
[EventDate "2023.12.29"]

1. e4 c5 2. Nf3 e6 3. c3 Nf6 4. e5 Nd5 5. Bc4 d6 6. d4 cxd4 7. cxd4 Nc6 8.
O-O Be7 9. Qe2 O-O 10. Nc3 Nxc3 11. bxc3 dxe5 12. dxe5 Qc7 13. Bd3 g6 14.
Bh6 Rd8 15. h4 Bd7 16. h5 Be8 17. Bc2 Rd5 18. Rfe1 Rad8 19. Qe4 Na5 20.
hxg6 hxg6 21. Qg4 Qxc3 22. Bxg6 fxg6 23. Qxe6+ Kh7 24. Qxe7+ Kxh6 25. Qf8+
Kh5 26. Qh8+ Kg4 27. Qh4+ Kf5 28. Qf6+ Kg4 29. Re4+ Kh5 30. Rh4# 1-0

[Event "World Blitz Women 2023"]
[Site "Samarkand UZB"]
[Date "2023.12.30"]
[Round "15.3"]
[White "Arabidze, Meri"]
[Black "Aydin, Gulenay"]
[Result "1-0"]
[WhiteElo "2416"]
[BlackElo "2009"]
[EventDate "2023.12.29"]

1. Nf3 Nf6 2. c4 g6 3. g3 Bg7 4. Bg2 O-O 5. O-O d6 6. Nc3 Nc6 7. Rb1 a5 8.
a3 e5 9. d3 h6 10. b4 axb4 11. axb4 Be6 12. b5 Ne7 13. Nd2 c6 14. Bb2 Nd7
15. Ra1 f5 16. Qc2 Qc7 17. Ba3 Bf6 18. Nb3 Kg7 19. Bb4 Rfd8 20. Ba5 b6 21.
bxc6 Nc5 22. Nb5 Qc8 23. Bxb6 Rxa1 24. Rxa1 Nxb3 25. Qxb3 e4 26. Bxd8 Qxd8
27. Ra7 Qb8 28. Rb7 Qa8 29. Nxd6 f4 30. Nxe4 h5 31. Nxf6 Kxf6 32. Qb2+ Kg5
33. Rxe7 1-0

[Event "World Blitz Women 2023"]
[Site "Samarkand UZB"]
[Date "2023.12.30"]
[Round "15.4"]
[White "Kovanova, Baira"]
[Black "Krush, Irina"]
[Result "1-0"]
[WhiteElo "2234"]
[BlackElo "2359"]
[EventDate "2023.12.29"]

1. e4 c5 2. Nf3 d6 3. d4 cxd4 4. Nxd4 Nf6 5. Nc3 Nc6 6. Bg5 e6 7. Qd2 a6 8.
Nxc6 bxc6 9. O-O-O Be7 10. Bc4 d5 11. Bb3 O-O 12. f3 a5 13. Ba4 Bb7 14. a3
Nd7 15. Bxe7 Qxe7 16. Rhe1 Nc5 17. exd5 cxd5 18. Bb5 Rfc8 19. Kb1 Qc7 20.
Qd4 Ba6 21. Rd2 h6 22. a4 Bxb5 23. Nxb5 Qc6 24. g4 Qb6 25. g5 hxg5 26. Rg2
f6 27. h4 e5 28. Qxd5+ Qe6 29. Qd2 Rd8 30. Qe3 Nxa4 31. hxg5 f5 32. Nc7 Qc6
33. Nxa8 Rxa8 34. Qb3+ Kf8 35. Rh1 Ke7 36. Re1 Kd6 37. Rd2+ Kc7 38. Rxe5
Nc5 39. Qc4 Kb6 40. Rdd5 Rc8 41. Rxc5 1-0

[Event "World Blitz Women 2023"]
[Site "Samarkand UZB"]
[Date "2023.12.30"]
[Round "15.5"]
[White "Hejazipour, Mitra"]
[Black "Zhai, Mo"]
[Result "0-1"]
[WhiteElo "2228"]
[BlackElo "2342"]
[EventDate "2023.12.29"]

1. Nf3 d5 2. d4 Nf6 3. c4 e6 4. Nc3 a6 5. cxd5 exd5 6. Bg5 Be7 7. e3 c6 8.
Bd3 Nbd7 9. Qc2 h6 10. Bh4 O-O 11. h3 Re8 12. Bg3 Nf8 13. Ne5 Bd6 14. f4
Nh5 15. Qf2 f6 16. Ng6 Nxg3 17. Qxg3 Be6 18. Nxf8 Rxf8 19. Qg6 Re8 20.
O-O-O Bf7 21. Qh7+ Kf8 22. Rde1 Bb4 23. Kd2 Qa5 24. Bb1 c5 25. a3 Bxc3+ 26.
bxc3 Rac8 27. dxc5 Rxc5 28. Rc1 Qxa3 29. Qh8+ Bg8 30. Bh7 Kf7 31. h4 Qa2+
32. Rc2 Qc4 33. h5 Bxh7 34. Qxh7 Qe4 35. f5 Qxe3+ 36. Kd1 Rb5 37. Rc1 Rb2
38. Qg6+ Kf8 0-1

[Event "World Blitz Women 2023"]
[Site "Samarkand UZB"]
[Date "2023.12.30"]
[Round "15.6"]
[White "Khamdamova, Afruza"]
[Black "Balabayeva, Xeniya"]
[Result "0-1"]
[WhiteElo "2295"]
[BlackElo "2202"]
[EventDate "2023.12.29"]

1. e4 c6 2. d4 d5 3. Nc3 dxe4 4. Nxe4 Nf6 5. Nxf6+ exf6 6. c3 Bd6 7. Bd3
O-O 8. Qc2 Re8+ 9. Ne2 h5 10. O-O h4 11. h3 Nd7 12. Bf4 Nf8 13. Bxd6 Qxd6
14. Rad1 Bd7 15. c4 Rad8 16. Nc3 Ne6 17. c5 Qc7 18. Bh7+ Kf8 19. Bf5 Nxd4
20. Rxd4 Bxf5 21. Qd2 Rxd4 22. Qxd4 Qe5 23. Qxh4 Kg8 24. Qb4 Re7 25. Rd1 g5
26. a3 Kg7 27. Qd4 Qxd4 28. Rxd4 Re1+ 29. Kh2 Be6 30. b4 Ra1 31. a4 Ra3 32.
Rd3 Rb3 33. b5 cxb5 34. axb5 Bc4 35. Re3 Bxb5 36. Nxb5 Rxb5 37. Re7 a5 38.
Rc7 a4 39. c6 bxc6 40. Rxc6 Ra5 41. Rc2 a3 42. Ra2 f5 43. g4 fxg4 44. hxg4
Kf6 45. Kg3 Ke5 46. Kf3 Kd4 47. Ra1 a2 48. Ke2 Kc3 0-1

[Event "World Blitz Women 2023"]
[Site "Samarkand UZB"]
[Date "2023.12.30"]
[Round "15.8"]
[White "Gvetadze, Sofio"]
[Black "Padmini, Rout"]
[Result "1-0"]
[WhiteElo "2170"]
[BlackElo "2302"]
[EventDate "2023.12.29"]

1. Nf3 Nf6 2. g3 g6 3. Bg2 Bg7 4. O-O O-O 5. d3 d5 6. Nbd2 c5 7. e4 Nc6 8.
Re1 e6 9. Qe2 b6 10. Nf1 a5 11. e5 Nd7 12. Bf4 Bb7 13. h4 d4 14. N1h2 Ne7
15. h5 gxh5 16. Ng5 Bxg2 17. Kxg2 h6 18. Ne4 Ng6 19. Qxh5 Nxf4+ 20. gxf4 f5
21. Nd6 Ra7 22. Nf3 Nb8 23. Rh1 Rd7 24. Qg6 Rxd6 25. exd6 Rf6 26. Qh5 Qxd6
27. Ne5 Qd5+ 28. f3 Kf8 29. b3 Nd7 30. Rae1 Nxe5 31. fxe5 Rf7 32. Kf2 f4
33. Rhg1 b5 34. Qg6 c4 35. bxc4 bxc4 36. Rb1 Qxe5 37. Rge1 Qc7 38. Qxe6 Kg8
39. dxc4 d3 40. Qe8+ Kh7 41. Qe4+ Kg8 42. cxd3 Qc5+ 43. Kf1 Bd4 44. Qg6+
Kf8 45. Rb8+ 1-0

[Event "World Blitz Women 2023"]
[Site "Samarkand UZB"]
[Date "2023.12.30"]
[Round "15.9"]
[White "Matnadze Bujiashvili, Ann"]
[Black "Beydullayeva, Govhar"]
[Result "1/2-1/2"]
[WhiteElo "2428"]
[BlackElo "2132"]
[EventDate "2023.12.29"]

1. b3 d5 2. Bb2 Nf6 3. g3 c5 4. Bg2 Nc6 5. Nf3 g6 6. O-O Bg7 7. d3 O-O 8.
Nbd2 Re8 9. e4 e5 10. exd5 Nxd5 11. Ne4 b6 12. Qc1 h6 13. Re1 Be6 14. h3 f5
15. Ned2 Bf7 16. Nc4 Qc7 17. a4 Rad8 18. Ne3 Nde7 19. Nd2 Nd4 20. c3 Nxb3
21. Nxb3 Bxb3 22. c4 Rxd3 23. Ra3 Nc6 24. Bf1 Nb4 25. Bc3 e4 26. Rxb3 Rxc3
27. Rxc3 Na2 28. Qc2 Nxc3 29. Nd5 Nxd5 30. cxd5 Qd6 31. Bb5 Rf8 32. Bc6 Bd4
33. Kg2 Kh8 34. h4 f4 35. Qxe4 fxg3 36. fxg3 Rf2+ 37. Kh3 Rf8 38. Qe6 Qd8
39. Qxg6 Qc8+ 40. Re6 Bg7 41. h5 Qd8 42. Re8 Rxe8 43. Qxe8+ Qxe8 44. Bxe8
Bf8 45. Bg6 Kg7 46. Kg4 Kf6 47. Kf4 c4 48. Ke4 c3 49. Kd3 Bb4 50. g4 a6 51.
Bf5 Ke5 52. Be6 Ba5 53. Bc8 b5 54. axb5 axb5 55. Be6 b4 56. Kc2 Bd8 57. Kb3
Be7 58. Kc2 Kd4 59. Kb3 Bd6 60. g5 hxg5 61. h6 Kc5 62. h7 Be5 63. Kc2 Bh8
64. Kd3 Kd6 65. Kc2 Ke5 66. Bf7 g4 67. Bh5 g3 68. Bf3 Kd6 69. Kb3 Kc5 70.
Be4 Be5 71. Bg2 Kd6 72. Be4 Ke7 73. Bg2 Kf7 74. Be4 Kg7 75. Kc2 Bd6 76. Kb3
g2 77. Bxg2 Kxh7 78. Be4+ Kg7 79. Kc2 Kf6 80. Kb3 Ke5 81. Bg2 Kd4 82. Kc2
Kc4 83. Bf1+ Kxd5 84. Be2 Kd4 85. Bb5 Kc5 86. Ba4 Be5 87. Bb3 Kd4 88. Bf7
Ke3 89. Bb3 1/2-1/2

[Event "World Blitz Women 2023"]
[Site "Samarkand UZB"]
[Date "2023.12.30"]
[Round "15.10"]
[White "Tokhirjonova, Gulrukhbegim"]
[Black "Mamedjarova, Turkan"]
[Result "0-1"]
[WhiteElo "2265"]
[BlackElo "2175"]
[EventDate "2023.12.29"]

1. e4 e5 2. Nf3 Nc6 3. Bb5 g6 4. d4 exd4 5. Nxd4 Bg7 6. Be3 Nge7 7. Nc3 O-O
8. O-O d6 9. f4 f5 10. Nxc6 Nxc6 11. Qd5+ Kh8 12. Bxc6 bxc6 13. Qxc6 Bd7
14. Qc4 Rb8 15. b3 fxe4 16. Nxe4 Bb5 17. Qd5 Bxf1 18. Rxf1 Qe7 19. Bd4
Bxd4+ 20. Qxd4+ Qg7 21. Qc4 Rbe8 22. Ng5 Qf6 23. Qxc7 Re7 24. Qc4 Rfe8 25.
h3 h6 26. Nf3 Re4 27. Qc7 Rxf4 28. Qxa7 g5 29. Rf2 h5 30. Qd7 Re7 31. Qc8+
Kg7 32. Rd2 g4 33. hxg4 hxg4 34. g3 Rxf3 35. Qxg4+ Kf8 36. Qc8+ Re8 37. Qg4
Qa1+ 38. Kh2 Qf1 39. Rg2 Rf2 40. Rxf2+ Qxf2+ 41. Kh3 Qf6 42. Qh5 Re5 43.
Qd1 Qh6+ 44. Kg2 Qe6 45. Qf3+ Rf5 46. Qa8+ Kf7 47. Qb7+ Kg6 48. Qb6 Qe2+
49. Kh3 Qf1+ 50. Kg4 Qf3+ 0-1

[Event "World Blitz Women 2023"]
[Site "Samarkand UZB"]
[Date "2023.12.30"]
[Round "15.11"]
[White "Ovod, Evgenija"]
[Black "Batsiashvili, Nino"]
[Result "1/2-1/2"]
[WhiteElo "2151"]
[BlackElo "2233"]
[EventDate "2023.12.29"]

1. d4 Nf6 2. Bf4 d6 3. e3 g6 4. h3 Bg7 5. Nf3 O-O 6. Be2 Nbd7 7. O-O e5 8.
Bh2 Ne4 9. Nbd2 Nxd2 10. Qxd2 e4 11. Ne1 Qe7 12. c4 Nf6 13. Rc1 h5 14. c5
dxc5 15. Rxc5 c6 16. b4 Be6 17. b5 Bd5 18. bxc6 bxc6 19. Nc2 Nd7 20. Ra5
Nb6 21. Nb4 Qe6 22. Rc1 Rfc8 23. Ba6 Nc4 24. Bxc4 Bxc4 25. Rc5 Bd5 26. Nxd5
cxd5 27. Qa5 Rxc5 28. Rxc5 Bf8 29. Rxd5 Rc8 30. Bg3 Bb4 31. Qb5 a6 32. Qd7
Qxd7 33. Rxd7 Rc1+ 34. Kh2 Rc2 35. a4 Be1 36. Re7 Bxf2 37. Bxf2 Rxf2 38.
Rxe4 Rd2 39. Re8+ Kg7 40. Ra8 Rd3 41. Rxa6 Rxe3 42. d5 Rd3 43. d6 Rd4 44.
Kg3 Kf6 45. Kf3 Ke5 46. Ke3 Rd1 47. Ke2 Rd4 48. Ke3 Rd1 49. Ke2 Rd5 50. Ra7
Rxd6 51. Rxf7 Ra6 52. Re7+ Kf5 53. Rf7+ Kg5 54. Kf2 Rxa4 55. Kg3 h4+ 56.
Kh2 Ra2 57. Re7 1/2-1/2

[Event "World Blitz Women 2023"]
[Site "Samarkand UZB"]
[Date "2023.12.30"]
[Round "15.12"]
[White "Rakshitta, Ravi"]
[Black "Nurgali, Nazerke"]
[Result "0-1"]
[WhiteElo "2225"]
[BlackElo "2068"]
[EventDate "2023.12.29"]

1. e4 c5 2. Nf3 e6 3. g3 Nc6 4. Bg2 Nge7 5. d4 cxd4 6. Nxd4 Nxd4 7. Qxd4
Nc6 8. Qd3 Be7 9. O-O O-O 10. c3 d6 11. Be3 e5 12. Nd2 Be6 13. Rfd1 Qc7 14.
Qe2 Rad8 15. f4 exf4 16. gxf4 f6 17. Nf3 d5 18. f5 Bf7 19. exd5 Bxd5 20. c4
Bf7 21. Qf2 Rxd1+ 22. Rxd1 Rd8 23. Rxd8+ Qxd8 24. Nd2 a6 25. Be4 Qd7 26. b3
Ne5 27. Qg2 b5 28. c5 Qc7 29. c6 Be8 30. Bf4 Bc5+ 31. Kh1 Bd6 32. Bd5+ Kf8
33. Bxe5 Bxe5 34. Qe4 Qa5 35. Nf3 Qc3 36. Nxe5 fxe5 37. f6 gxf6 38. Qxh7
Qe1+ 39. Kg2 Qd2+ 40. Kg3 Qxd5 41. c7 Bd7 42. Qh8+ Kf7 43. Qd8 Qc6 44. h4
e4 45. Kf2 Qc2+ 46. Ke1 Qc3+ 47. Kf2 Qd2+ 48. Kg3 e3 49. c8=Q Bxc8 50. Qxc8
e2 51. Qb7+ Ke6 52. Qe4+ Kd7 53. Qf5+ Kc7 54. Qf2 e1=Q 0-1

[Event "World Blitz Women 2023"]
[Site "Samarkand UZB"]
[Date "2023.12.30"]
[Round "15.13"]
[White "Abdulla, Khayala"]
[Black "Peycheva, Gergana"]
[Result "0-1"]
[WhiteElo "2118"]
[BlackElo "2216"]
[EventDate "2023.12.29"]

1. d4 d5 2. Nf3 Nf6 3. Bf4 e6 4. e3 Bd6 5. Ne5 c5 6. Bb5+ Kf8 7. c3 Qc7 8.
Nd2 Nbd7 9. Ndf3 Ne4 10. Nxd7+ Bxd7 11. Bxd6+ Qxd6 12. Bd3 g6 13. O-O Kg7
14. Bxe4 dxe4 15. dxc5 Qxc5 16. Qxd7 exf3 17. Qxb7 fxg2 18. Qxg2 Rab8 19.
Rab1 Rhd8 20. Qg3 Rb5 21. a4 Rb3 22. Qf4 Rd2 23. Rfd1 Rbxb2 24. Rxd2 Rxd2
25. Rb7 Rd1+ 26. Kg2 Qd5+ 27. Qf3 Rg1+ 0-1

[Event "World Blitz Women 2023"]
[Site "Samarkand UZB"]
[Date "2023.12.30"]
[Round "15.14"]
[White "Zhao, Shengxin"]
[Black "Berend, Elvira"]
[Result "1/2-1/2"]
[WhiteElo "2079"]
[BlackElo "2202"]
[EventDate "2023.12.29"]

1. d4 Nf6 2. c4 e6 3. Nf3 Bb4+ 4. Bd2 a5 5. g3 O-O 6. Qc2 Bxd2+ 7. Nbxd2 d6
8. Bg2 Nc6 9. O-O e5 10. d5 Ne7 11. e4 c6 12. dxc6 Nxc6 13. c5 Nb4 14. Qc3
dxc5 15. Nxe5 Qe7 16. a3 Na6 17. Ndc4 Be6 18. Nxa5 Rac8 19. Rfd1 c4 20. a4
b6 21. Naxc4 Bxc4 22. Nxc4 Nxe4 23. Bxe4 Qxe4 24. Nd6 Rxc3 25. Nxe4 Rc4 26.
Nc3 Rb4 27. Rd2 h5 28. a5 Nc5 29. Ra3 bxa5 30. Rd5 Nb3 31. Rxh5 Rd8 32. Rb5
Nd4 33. Raxa5 Nf3+ 34. Kg2 Ne1+ 35. Kf1 Rxb5 36. Rxb5 Nd3 37. Rb7 Rc8 38.
Nd5 Rc2 39. b4 Rxf2+ 40. Kg1 Rb2 41. b5 Ne5 42. h4 Rd2 43. Ne3 Nf3+ 44. Kf1
Nh2+ 45. Ke1 Nf3+ 46. Kf1 Nh2+ 47. Ke1 1/2-1/2

[Event "World Blitz Women 2023"]
[Site "Samarkand UZB"]
[Date "2023.12.30"]
[Round "15.15"]
[White "Rudzinska, Michalina"]
[Black "Yu, Jennifer"]
[Result "1-0"]
[WhiteElo "2113"]
[BlackElo "2197"]
[EventDate "2023.12.29"]

1. e4 g6 2. d4 Bg7 3. Nc3 d6 4. Be3 a6 5. f3 b5 6. Qd2 Nd7 7. O-O-O h5 8.
h4 Ngf6 9. Nh3 e5 10. dxe5 Nxe5 11. Ng5 Bb7 12. Bd4 Qe7 13. Kb1 c5 14. Be3
Rd8 15. Bf4 O-O 16. Nd5 Nxd5 17. exd5 Rfe8 18. Ne4 c4 19. Bg5 f6 20. Bh6
Nd7 21. Be3 Rc8 22. c3 f5 23. Bg5 Qf8 24. Ng3 Nb6 25. Ne2 Nxd5 26. Nf4 Nxf4
27. Bxf4 d5 28. Be3 b4 29. Bd4 a5 30. g4 bxc3 31. Bxc3 Rcd8 32. Bxg7 Qxg7
33. gxh5 d4 34. hxg6 d3 35. h5 Bxf3 36. Bh3 Bxh1 37. Rxh1 Re2 38. Qc1 d2
39. Qxc4+ Kh8 40. Qxe2 f4 41. Rd1 Qd4 42. Bg4 Kg7 43. Qe7+ Kh6 44. Qe6 Qd3+
45. Ka1 Qc2 46. g7+ Kxg7 47. Qe5+ Kh6 48. Qf6+ Kh7 49. Bf5+ 1-0

[Event "World Blitz Women 2023"]
[Site "Samarkand UZB"]
[Date "2023.12.30"]
[Round "15.16"]
[White "Ovezdurdyyeva, Jemal"]
[Black "Zhu, Chen"]
[Result "1-0"]
[WhiteElo "2086"]
[BlackElo "2379"]
[EventDate "2023.12.29"]

1. d4 d5 2. c4 c6 3. Nf3 Nf6 4. e3 e6 5. Nc3 Nbd7 6. b3 Bd6 7. Bd3 O-O 8.
O-O dxc4 9. bxc4 e5 10. Qc2 Re8 11. Bb2 exd4 12. exd4 Nf8 13. Rfe1 Ne6 14.
Ne4 Nxe4 15. Bxe4 g6 16. d5 cxd5 17. Bxd5 Bf8 18. Rad1 Qc7 19. Bxe6 fxe6
20. Ne5 Bg7 21. Qa4 Rf8 22. f3 a5 23. Kh1 Ra6 24. Rd2 Rd6 25. Rxd6 Qxd6 26.
Ba3 Qd2 27. Rd1 Qe2 28. Bxf8 Bxe5 29. Bh6 b5 30. cxb5 Bb7 31. Rd8+ Kf7 32.
Qd1 Bxf3 33. Qxe2 Bxe2 34. b6 Bc4 35. b7 Bxa2 36. b8=Q Bxb8 37. Rxb8 a4 38.
Ra8 Bb3 39. Bc1 e5 40. Kg1 Ke6 41. Kf2 Kd5 42. Ke3 Kc4 43. Ba3 Bc2 44. Ra7
Kb3 45. Bd6 e4 46. Rxh7 a3 47. Ra7 a2 48. h4 Bd3 49. g4 Bb5 50. h5 gxh5 51.
gxh5 Ba4 52. Be5 1-0